New headway: Elementary: Workbook with key
Cung cấp các bài tập, luyện tập từ vựng, ngữ pháp, ngữ âm sau mỗi đơn vị bài học; kèm theo đáp án tất cả các bài tập. Sách dành cho học viên trình độ sơ cấp.
Đã lưu trong:
| Tác giả chính: | |
|---|---|
| Định dạng: | Sách |
| Năm xuất bản: |
Anh
Oxford University
2004
|
| Phiên bản: | Tenth impression |
| Chủ đề: | |
| Tags: |
Thêm thẻ
Không có thẻ, Hãy là người đầu tiên gắn thẻ bản ghi này!
|
| LEADER | 02436nam a2200289 4500 | ||
|---|---|---|---|
| 999 | |c 4566 |d 4566 | ||
| 082 | |a 420.76 |b S401R | ||
| 100 | |a Soars, Liz | ||
| 245 | |a New headway: Elementary: Workbook with key |c Liz Soars, John Soar | ||
| 250 | |a Tenth impression | ||
| 260 | |a Anh |b Oxford University |c 2004 | ||
| 300 | |a 96 tr. |c 28 cm | ||
| 520 | |a Cung cấp các bài tập, luyện tập từ vựng, ngữ pháp, ngữ âm sau mỗi đơn vị bài học; kèm theo đáp án tất cả các bài tập. Sách dành cho học viên trình độ sơ cấp. | ||
| 653 | |a Ngôn ngữ | ||
| 653 | |a Tiếng Anh | ||
| 653 | |a Sách bài tập | ||
| 942 | |2 ddc |c STK0 | ||
| 952 | |0 0 |1 0 |2 ddc |4 0 |6 420_076000000000000_S401R |7 0 |8 400 |9 44159 |a qbu |b qbu |c D4 |d 2014-12-19 |g 18000 |o 420.076 S401R |p 2705.c1 |w 2014-12-19 |y STK0 |0 0 |6 420_076000000000000_S401R | ||
| 952 | |0 0 |1 0 |2 ddc |4 0 |6 420_076000000000000_S401R |7 0 |8 400 |9 44160 |a qbu |b qbu |c D4 |d 2014-12-19 |g 18000 |o 420.076 S401R |p 2705.c2 |w 2014-12-19 |y STK0 |0 0 |6 420_076000000000000_S401R | ||
| 952 | |0 0 |1 0 |2 ddc |4 0 |6 420_076000000000000_S401R |7 0 |8 400 |9 44161 |a qbu |b qbu |c D4 |d 2014-12-19 |g 18000 |o 420.076 S401R |p 2705.c3 |w 2014-12-19 |y STK0 |0 0 |6 420_076000000000000_S401R | ||
| 952 | |0 0 |1 0 |2 ddc |4 0 |6 420_076000000000000_S401R |7 0 |8 400 |9 44162 |a qbu |b qbu |c D4 |d 2014-12-19 |g 18000 |l 3 |m 1 |o 420.076 S401R |p 2705.c4 |r 2016-09-06 |s 2016-08-18 |w 2014-12-19 |y STK0 |0 0 |6 420_076000000000000_S401R | ||
| 952 | |0 0 |1 0 |2 ddc |4 0 |6 420_076000000000000_S401R |7 0 |8 400 |9 44163 |a qbu |b qbu |c D4 |d 2014-12-19 |g 18000 |o 420.076 S401R |p 2705.c5 |w 2014-12-19 |y STK0 |0 0 |6 420_076000000000000_S401R | ||
| 952 | |0 0 |1 0 |2 ddc |4 0 |6 420_076000000000000_S401R |7 0 |8 400 |9 44164 |a qbu |b qbu |c D4 |d 2014-12-19 |g 18000 |o 420.076 S401R |p 2705.c6 |w 2014-12-19 |y STK0 |0 0 |6 420_076000000000000_S401R | ||
| 952 | |0 0 |1 0 |2 ddc |4 0 |6 420_076000000000000_S401R |7 0 |8 400 |9 105300 |a qbu |b qbu |c D4 |d 2016-02-23 |g 18000 |o 420.076 S401R |p 2705.c7 |w 2016-02-23 |y STK0 |0 0 |6 420_076000000000000_S401R | ||
| 952 | |0 0 |1 0 |2 ddc |4 0 |6 420_076000000000000_S401R |7 0 |8 400 |9 105301 |a qbu |b qbu |c D4 |d 2016-02-23 |g 18000 |o 420.076 S401R |p 2705.c8 |w 2016-02-23 |y STK0 |0 0 |6 420_076000000000000_S401R | ||
| 952 | |0 0 |1 0 |2 ddc |4 0 |6 420_076000000000000_S401R |7 0 |8 400 |9 105302 |a qbu |b qbu |c D4 |d 2016-02-23 |g 18000 |o 420.076 S401R |p 2705.c9 |w 2016-02-23 |y STK0 |0 0 |6 420_076000000000000_S401R | ||
| 952 | |0 0 |1 0 |2 ddc |4 0 |6 420_076000000000000_S401R |7 0 |8 400 |9 105303 |a qbu |b qbu |c D4 |d 2016-02-23 |g 18000 |o 420.076 S401R |p 2705.c10 |w 2016-02-23 |y STK0 |0 0 |6 420_076000000000000_S401R | ||